[Event "Division Honor Grupo I"]
[Site ""]
[Date "2011.02.26"]
[Round "4.16"]
[White "Barros Gutierrez Angel Luis"]
[Black "Martin Barbero Roberto"]
[Result "1/2-1/2"]
[WhiteElo "2155"]
[BlackElo "2020"]

1.d4 d6 2.g3 Nf6 3.Bg2 g6 4.e4 Bg7 5.Ne2 O-O 6.O-O e5 7.c4 Nc6 8.d5 Ne7 9.b4
a5 10.bxa5 Rxa5 11.Nd2 Nd7 12.Nb3 Ra6 13.Qc2 b6 14.a4 Nc5 15.Nxc5 bxc5 16.Nc3
Bd7 17.Bd2 f5 18.f3 Kh8 19.Rfb1 Ng8 20.Qc1 h6 21.Nb5 Kh7 22.Qe1 Nf6 23.Ba5 Ne8
24.Nxc7 Nxc7 25.Rb7 Qa8 26.Rxc7 Rf7 27.Bd2 Qb8 28.Ba5 Qa8 1/2-1/2

[Event "Division Honor Grupo II"]
[Site ""]
[Date "2011.02.26"]
[Round "4.17"]
[White "Llanes Luno Pedro Alfredo"]
[Black "Adla Diego Gustavo"]
[Result "0-1"]
[WhiteElo "2175"]
[BlackElo "2512"]

1.e4 c5 2.Nf3 d6 3.d4 Nf6 4.Nc3 cxd4 5.Nxd4 g6 6.Be3 Bg7 7.f3 Nc6 8.Qd2 O-O 9.
O-O-O Bd7 10.h4 h5 11.g4 hxg4 12.Bh6 Nxd4 13.Bxg7 Kxg7 14.Qxd4 gxf3 15.h5 Rh8
16.e5 dxe5 17.Qxe5 Qb8 18.Qg5 Bc6 19.h6+ Kh7 20.Bc4 Qf8 21.Rh4 Rc8 22.Rf4 Qxh6
23.Rh4 Nh5 24.Rxh5 Qxh5 25.Qxe7 Kh6 26.Kb1 Rhe8 27.Qf6 Re5 28.Bxf7 Rf8 29.Rg1
Rg5 30.Qd4 Rxg1+ 0-1

[Event "Division Honor Grupo II"]
[Site ""]
[Date "2011.02.26"]
[Round "4.18"]
[White "Glavina Rossi Pablo"]
[Black "Roche Simon Miguel Angel"]
[Result "1-0"]
[WhiteElo "2462"]
[BlackElo "2141"]

1.Nf3 d5 2.d4 Nf6 3.c4 e6 4.g3 dxc4 5.Bg2 c6 6.Ne5 b5 7.O-O Bb7 8.a4 a6 9.Nc3
Nd5 10.e4 Nxc3 11.bxc3 Be7 12.f4 Nd7 13.Ng4 O-O 14.f5 c5 15.Nh6+ gxh6 16.Bxh6
Kh8 17.Qh5 Nf6 18.Qh3 Bxe4 19.Bxe4 Nxe4 20.Qg4 Ng5 21.Bxf8 exf5 22.Bxe7 fxg4
23.Bxd8 Rxd8 24.axb5 axb5 25.dxc5 Nf3+ 26.Kg2 Rc8 27.h3 h5 28.hxg4 hxg4 29.
Rh1+ Kg7 30.Rh5 Rd8 31.c6 Rd2+ 32.Kf1 Nh2+ 33.Rxh2 Rxh2 34.Ra8 1-0

[Event "Division Honor Grupo II"]
[Site ""]
[Date "2011.02.26"]
[Round "4.19"]
[White "Naya Sancho Jose Ignacio"]
[Black "Lopez Gracia Fernando"]
[Result "0-1"]
[WhiteElo "2124"]
[BlackElo "2319"]

1.d4 Nf6 2.c4 e6 3.Nf3 Bb4+ 4.Nbd2 b6 5.a3 Bxd2+ 6.Qxd2 Bb7 7.e3 O-O 8.b4 Ne4
9.Qc2 d6 10.Be2 Nd7 11.Bb2 f5 12.O-O Rf6 13.d5 Rg6 14.Nd4 Qg5 15.g3 Ne5 16.
Nxe6 Rxe6 17.dxe6 Ng4 18.Bxg4 fxg4 19.Qe2 Qg6 20.f4 Qxe6 21.Rad1 Re8 22.Rd3
Qf5 23.Rfd1 c5 24.bxc5 bxc5 25.Bxg7 h5 26.Ba1 h4 27.Qb2 Qh7 28.Rd5 Bxd5 29.
Rxd5 Re7 30.Qb8+ Kf7 31.Qc8 Nxg3 32.Qxg4 Rxe3 33.Qd7+ Re7 34.Qxd6 Qb1+ 35.Rd1
Re1+ 36.Kg2 Qxd1 37.Qf6+ Ke8 38.Qc6+ Qd7 39.Qg6+ Kd8 40.Bf6+ Kc8 41.hxg3 h3+
0-1

[Event "Division Honor Grupo II"]
[Site ""]
[Date "2011.02.26"]
[Round "4.20"]
[White "Moreno Gracia Daniel"]
[Black "Neila Castillo Miguel Angel"]
[Result "1-0"]
[WhiteElo "2277"]
[BlackElo "2082"]

1.c4 e5 2.Nc3 f5 3.g3 Nf6 4.Bg2 g6 5.d3 a5 6.Nf3 d6 7.O-O Bg7 8.a3 O-O 9.Rb1
h6 10.b4 axb4 11.axb4 c6 12.Bb2 g5 13.b5 Be6 14.c5 g4 15.Nh4 d5 16.Ng6 Nbd7
17.Nxf8 Bxf8 18.bxc6 bxc6 19.Na4 Qa5 20.Nb6 Rb8 21.Nxd7 Nxd7 22.d4 exd4 23.
Qxd4 Kf7 24.Bc3 Qxc5 25.Rxb8 1-0

[Event "Division Honor Grupo II"]
[Site ""]
[Date "2011.02.26"]
[Round "4.21"]
[White "Gil Capape MA"]
[Black "Laliena Solares Luis"]
[Result "1/2-1/2"]
[WhiteElo "2061"]
[BlackElo "2208"]

1.e4 d5 2.exd5 Qxd5 3.d4 Nf6 4.c4 Qd6 5.Nc3 c6 6.Nf3 Bf5 7.Bd3 g6 8.Bxf5 gxf5
9.Qd3 e6 10.Bg5 Bg7 11.c5 Qc7 12.Ne5 Na6 13.Nc4 Nb4 14.Qd2 O-O 15.Bf4 Qd7 16.
Bd6 Rfd8 17.O-O Ne8 18.Ne5 Qc8 19.a3 Na6 20.Qf4 Nxd6 21.cxd6 Rxd6 22.Rfd1 Qd8
23.Rd3 Nc5 24.Rg3 Rxd4 25.Qh6 Qf8 26.Qe3 Rad8 27.f4 Ne4 28.Nxe4 fxe4 29.Qe2 f5
30.Qh5 Rd3 31.Nxd3 exd3 32.Rd1 Qc5+ 33.Kf1 Qd4 34.Qg5 h6 35.Qg6 Qxf4+ 36.Kg1
Qe5 37.h4 d2 38.Rxd2 Rxd2 39.Qe8+ Kh7 40.Qg6+ 1/2-1/2

[Event "Division Honor Grupo II"]
[Site ""]
[Date "2011.02.26"]
[Round "4.22"]
[White "Latorre Abad Fernando"]
[Black "Alonso Fernandez Revuelta Rodri"]
[Result "0-1"]
[WhiteElo "2100"]
[BlackElo "2037"]

1.e4 e6 2.d4 d5 3.Nd2 Nf6 4.e5 Nfd7 5.Bd3 c5 6.c3 b6 7.Ne2 Ba6 8.Bxa6 Nxa6 9.
O-O cxd4 10.cxd4 Nb4 11.Nf4 Rc8 12.Nf3 Be7 13.a3 Nc6 14.Be3 O-O 15.h4 Bxh4 16.
g3 Be7 17.Kg2 Re8 18.Rh1 Nf8 19.Qd3 Qd7 20.Nh5 f5 21.Rh3 Nd8 22.Rah1 Nf7 23.
Qd2 Bd8 24.Ng5 Nxg5 25.Bxg5 Qf7 26.Bxd8 Rexd8 27.Qg5 Qg6 28.Qe3 Rc2 29.Nf4 Qf7
30.Qb3 Rdc8 31.Nd3 Qc7 32.Nc5 Rc4 33.Nxe6 Nxe6 34.Rxh7 Nxd4 35.Qe3 Ne6 36.Qf3
Qxe5 37.Rh8+ Kf7 38.Qh5+ Ke7 39.Rxc8 Rxc8 40.Qh4+ g5 41.Qb4+ Kf6 42.Re1 Qc7
43.Qa4 d4 44.Qb3 Qc4 45.Qf3 Qc6 0-1

[Event "Division Honor Grupo II"]
[Site ""]
[Date "2011.02.26"]
[Round "4.23"]
[White "Carraminana Lopez Luis Antonio"]
[Black "Cobo Garrido Diego Israel"]
[Result "0-1"]
[WhiteElo "2067"]
[BlackElo "2062"]

1.e4 e5 2.Nf3 Nc6 3.d4 exd4 4.Nxd4 Nf6 5.Nxc6 bxc6 6.e5 Qe7 7.Qe2 Nd5 8.c4 Ba6
9.b3 g6 10.f4 Bg7 11.Qe4 Nb6 12.Ba3 Qe6 13.Nc3 O-O-O 14.Be2 Bb7 15.O-O g5 16.
Bb2 gxf4 17.Qxf4 Bxe5 18.Qxf7 Qh6 19.Rf3 Qxh2+ 0-1

[Event "Division Honor Grupo II"]
[Site ""]
[Date "2011.02.26"]
[Round "4.24"]
[White "Sanz Lopez R"]
[Black "Galvez Perez Jose Luis"]
[Result "0-1"]
[WhiteElo "1935"]
[BlackElo "1972"]

1.d4 g6 2.c4 Bg7 3.Nc3 c5 4.Nf3 cxd4 5.Nxd4 Nc6 6.Nxc6 bxc6 7.e3 Nf6 8.Be2 O-O
9.O-O d5 10.Qa4 Qc7 11.Rd1 Bg4 12.cxd5 Bxe2 13.Nxe2 cxd5 14.Bd2 Ne4 15.Ba5 Qb7
16.Rab1 Rfc8 17.Bc3 Rc4 18.Qa5 Rc5 19.Qb4 Rb5 20.Qa3 e5 21.Be1 Rc8 22.Nc3 Bf8
23.b4 Bxb4 24.Rxb4 Rxb4 25.Nxd5 Rb1 26.Qd3 Rxd1 27.Qxd1 Kg7 28.f3 Nc5 29.e4 f6
30.Bb4 Qb5 31.Bxc5 Qxc5+ 32.Kf1 Qa3 33.Qb3 Qc1+ 34.Kf2 Qd2+ 35.Kg3 Rf8 36.Qb7+
Rf7 37.Qa6 g5 38.Qe6 h5 39.Ne7 Qe1+ 40.Kh3 Qh4# 0-1

[Event "Division Honor Grupo II"]
[Site ""]
[Date "2011.02.26"]
[Round "4.25"]
[White "Hefty Hilardo Jorge Walter"]
[Black "Valles Mata David"]
[Result "1/2-1/2"]
[WhiteElo "2314"]
[BlackElo "2152"]

1.d4 Nf6 2.c4 g6 3.Nc3 Bg7 4.e4 d6 5.Be2 O-O 6.Nf3 e5 7.O-O Nc6 8.d5 Ne7 9.b4
Nh5 10.c5 Nf4 11.Nd2 f5 12.f3 1/2-1/2

[Event "Division Honor Grupo II"]
[Site ""]
[Date "2011.02.26"]
[Round "4.26"]
[White "Solano Lasierra Javier"]
[Black "Garcia Monterde Francisco Jose"]
[Result "1/2-1/2"]
[WhiteElo "2156"]
[BlackElo "2020"]

1.d4 Nf6 2.c4 c5 3.d5 b5 4.cxb5 a6 5.bxa6 Bxa6 6.Nc3 g6 7.g3 Bg7 8.Bg2 d6 9.
Nh3 O-O 10.O-O Nbd7 11.Rb1 1/2-1/2

[Event "Division Honor Grupo II"]
[Site ""]
[Date "2011.02.26"]
[Round "4.29"]
[White "Gracia Campo Carlos Alberto"]
[Black "Navarro Alonso Jorge Luis"]
[Result "0-1"]
[WhiteElo "2073"]
[BlackElo "2157"]

1.e4 c5 2.Nf3 Nc6 3.d4 cxd4 4.Nxd4 g6 5.Bc4 Bg7 6.Be3 Nf6 7.Nc3 O-O 8.f4 Qb6
9.Bb3 Nxe4 10.Nd5 Qd8 11.f5 e6 12.fxe6 dxe6 13.Nxc6 bxc6 14.Nb4 Qh4+ 15.Ke2
Bxb2 16.Qe1 Nc3+ 0-1

[Event "Division Honor Grupo II"]
[Site ""]
[Date "2011.02.26"]
[Round "4.30"]
[White "Guzman Moneo Alberto"]
[Black "Bailo Remacha Santiago"]
[Result "1/2-1/2"]
[WhiteElo "2170"]
[BlackElo "2044"]

1.e4 c5 2.Nc3 d6 3.f4 Nf6 4.Nf3 a6 5.a4 e6 6.g3 b6 7.d4 Bb7 8.Qe2 d5 9.e5 Ne4
10.Bg2 cxd4 11.Nxd4 Nxc3 12.bxc3 Qc7 13.Bd2 Nd7 14.O-O Bc5 15.f5 Qxe5 16.Qxe5
Nxe5 17.fxe6 f6 18.Kh1 Nc4 19.Bf4 Bxd4 20.cxd4 Ke7 21.Rfe1 Rac8 22.Rab1 Rhd8
23.h4 Rc6 24.Bh3 Na3 25.Rb2 Nxc2 26.Reb1 Nxd4 27.Rxb6 Ba8 28.Rxc6 Nxc6 29.Bc7
Rc8 30.Bb6 Ne5 31.Ba5 d4+ 32.Kg1 d3 33.Bb4+ Ke8 34.Bd6 d2 35.Kf2 Rd8 36.Bxe5
d1=Q 37.Rxd1 Rxd1 38.Bc7 Bc6 39.a5 Ke7 40.Bb6 Rc1 41.h5 Bd5 42.Bf5 h6 43.Bd3
Bc4 44.Be3 Rc3 45.Bg6 Bxe6 46.Bd4 Rc4 47.Bb6 f5 48.Ke3 Re4+ 49.Kd3 Bd7 50.Bc5+
Ke6 51.Bd4 Rg4 52.Bxg7 Rxg3+ 53.Kd4 Ra3 54.Bxh6 Rxa5 55.Bg7 Ra4+ 56.Kc5 Rg4
57.h6 Rxg6 58.h7 Rxg7 59.h8=Q Rf7 60.Qh6+ Rf6 61.Qf4 Kf7 62.Kd4 Rg6 63.Qc7
Rg4+ 64.Ke5 Re4+ 65.Kd5 Re7 66.Qd8 1/2-1/2

[Event "Division Honor Grupo II"]
[Site ""]
[Date "2011.02.26"]
[Round "4.31"]
[White "Galve Guinea Alejandro"]
[Black "Cerrajeria Ruiz Jesus Maria"]
[Result "1/2-1/2"]
[WhiteElo "2031"]
[BlackElo "2149"]

1.d4 Nf6 2.c4 c5 3.d5 b5 4.Nf3 g6 5.cxb5 a6 6.Qc2 d6 7.e4 Bg7 8.Nc3 O-O 9.a4
axb5 10.Bxb5 Na6 11.O-O Nb4 12.Qe2 Qa5 13.Nd2 Bg4 14.f3 Bd7 15.Nc4 Qc7 16.Bg5
Rfb8 17.Rfd1 h6 18.Bf4 Nh5 19.Be3 Bd4 20.Kh1 Bxe3 21.Nxe3 Nf4 22.Qd2 Kh7 23.
Nf5 g5 24.Bc4 Ng6 25.b3 Qd8 26.g3 Qh8 27.h4 Qe5 28.h5 Nf8 29.g4 Bxf5 30.exf5
Kg7 31.Bb5 Nh7 32.Rac1 Nf6 33.Kg2 Ra7 34.Qe2 Nd7 35.Bxd7 Qxe2+ 36.Nxe2 Rxd7
37.Nc3 Rdb7 38.Nb5 Kf6 39.Rc3 Na6 40.Re3 Nc7 41.Nxc7 Rxc7 42.Rde1 Rb4 43.Rd1
Rcb7 44.Rdd3 c4 45.bxc4 Rxc4 46.Rb3 Rxb3 47.Rxb3 Rxa4 48.Rb5 Ra2+ 49.Kg3 Rd2
50.Ra5 Rb2 51.Ra4 Rd2 52.Ra5 Re2 53.Ra7 Rb2 54.Ra4 Rd2 55.Ra5 Re2 56.Ra7 Rc2
57.Ra4 Rc7 58.Re4 Rc5 59.Rd4 Rb5 60.Rd1 Rb4 61.Rd2 Kg7 62.Re2 Rb5 63.Rd2 Kf8
64.Rd1 Ke8 65.Rd2 Kd7 66.Rd1 Ra5 67.Rd2 Kc7 68.Re2 Kd7 69.Rd2 Rc5 70.Rd3 Ra5
71.Rd1 Ra2 72.Rd3 Re2 73.Ra3 Re5 74.Ra7+ Kd8 75.Ra8+ Kc7 76.Rh8 Rxd5 77.Rxh6
Kd7 78.Rh8 Rd1 79.Kg2 Rd2+ 80.Kg3 Rd1 81.Kg2 Rd2+ 82.Kg3 1/2-1/2

[Event "Division Honor Grupo II"]
[Site ""]
[Date "2011.02.26"]
[Round "4.32"]
[White "Montes Santos Lorenzo"]
[Black "Requena Munguira Jorge"]
[Result "0-1"]
[WhiteElo "2044"]
[BlackElo "1983"]

1.Nf3 d5 2.c4 e6 3.Nc3 Nf6 4.g3 c6 5.b3 d4 6.Nb1 c5 7.b4 cxb4 8.d3 Nc6 9.Bg2
Bc5 10.a3 O-O 11.O-O Bd7 12.axb4 Bxb4 13.Ba3 Bxa3 14.Nxa3 a6 15.Qb3 Qc7 16.
Rfb1 Rfb8 17.Qb6 Qxb6 18.Rxb6 Bc8 19.Nd2 Nd7 20.Rb2 Nc5 21.Nc2 e5 22.Ne4 Nxe4
23.Bxe4 Bd7 24.Rab1 Ra7 25.Rb6 Nd8 26.Nb4 a5 27.Nd5 a4 28.c5 Kf8 29.Nb4 Rc8
30.Rd6 Be6 31.Nd5 Ke8 32.f4 Rxc5 33.fxe5 a3 34.Nb4 a2 35.Ra1 Rb5 36.Nxa2 Rxa2
37.Rc1 Rxe2 38.Rxd4 Rxe5 39.Ra1 f5 40.Ra8 fxe4 41.Rdxd8+ Kf7 42.Rf8+ Kg6 43.d4
Rb5 0-1

[Event "Preferente Grupo I"]
[Site ""]
[Date "2011.02.26"]
[Round "4.33"]
[White "Colas Longares Rafael P"]
[Black "Lana Rodriguez David"]
[Result "0-1"]
[WhiteElo "2302"]
[BlackElo "2227"]

1.Nf3 Nf6 2.g3 c5 3.Bg2 Nc6 4.d3 e5 5.O-O Be7 6.Nc3 d5 7.e4 dxe4 8.Nxe4 Nxe4
9.dxe4 Bg4 10.c3 Qxd1 11.Rxd1 Rd8 12.Rxd8+ Kxd8 13.Nd2 Kc8 14.Nc4 Be6 15.Ne3
Bg5 16.Nd5 Bxc1 17.Rxc1 Rd8 18.Rd1 Rd6 19.f4 exf4 20.gxf4 Bxd5 21.Rxd5 Rxd5
22.exd5 Ne7 23.Kf2 Kd7 24.c4 Kd6 25.Be4 f5 26.Bd3 g6 27.Kg3 Ng8 28.Kh4 h6 29.
Be2 Nf6 30.Bf3 b5 31.b3 bxc4 32.bxc4 Ne8 33.Be2 Kc7 34.Bd1 Nf6 35.Bb3 Ne4 36.
Kh3 Kb6 37.Kg2 Ka5 38.a3 g5 39.Bc2 Nd6 40.Bb3 Kb6 41.fxg5 hxg5 42.h4 gxh4 43.
Kh3 f4 44.Kxh4 f3 45.Kh3 Ne4 46.Bd1 Nf2+ 0-1

[Event "Preferente Grupo I"]
[Site ""]
[Date "2011.02.26"]
[Round "4.34"]
[White "Aparicio Navarro Pedro Jose"]
[Black "Garcia Vicente Nieves"]
[Result "1/2-1/2"]
[WhiteElo "2179"]
[BlackElo "2220"]

1.Nf3 d5 2.c4 e6 3.d4 Nf6 4.Nc3 Bb4 5.Bg5 h6 6.Bh4 dxc4 7.e3 b5 8.a4 c6 9.Be2
Nbd7 10.O-O Qb6 11.Ne5 Nxe5 12.dxe5 Nd7 13.Bg3 O-O 14.Ne4 Be7 15.Nd6 Nc5 16.
Qc2 Bd7 17.Rfd1 Rad8 18.axb5 cxb5 19.Qc3 Nb3 20.Rab1 a5 21.Qc2 Bc6 22.Bh5 Nc5
23.Rd4 Bxd6 24.exd6 Qb7 25.f3 f5 26.Rbd1 Nd7 27.b3 cxb3 28.Qxb3 Rf6 29.Qc2 b4
30.Rc1 Bd5 31.e4 fxe4 32.fxe4 Qb6 33.Bf2 Bb7 34.Bf3 Rc8 35.Rc4 Rxc4 36.Qxc4
Qa6 37.Qc7 Ne5 38.d7 Nxd7 39.Qxd7 Rf7 40.Qd8+ Rf8 41.Qd7 Rf7 42.Qd8+ 1/2-1/2

[Event "Preferente Grupo I"]
[Site ""]
[Date "2011.02.26"]
[Round "4.35"]
[White "Cabrera Moreno Daniel"]
[Black "Munoz Munoz Juan Carlos"]
[Result "1-0"]
[WhiteElo "2193"]
[BlackElo "2103"]

1.e4 g6 2.d4 Bg7 3.Nf3 c5 4.c4 cxd4 5.Nxd4 Nc6 6.Be3 Nf6 7.Nc3 O-O 8.Nc2 d6 9.
Be2 Be6 10.f3 Rc8 11.Qd2 Nd7 12.Rc1 f5 13.exf5 Rxf5 14.O-O Nde5 15.b3 Qa5 16.
Nd4 Nxd4 17.Bxd4 Nc6 18.Bxg7 Kxg7 19.Rfd1 Qe5 20.Nd5 g5 21.Rc3 Rf4 22.Re3 Qf5
23.Bd3 Qf7 24.Nxf4 gxf4 25.Re4 Rf8 26.Rde1 Bc8 27.Bf1 e5 28.Qxd6 Rd8 29.Qc5
Rd2 30.R4e2 Rxe2 31.Rxe2 Qg6 32.b4 Kg8 33.b5 Nd4 34.Qxc8+ 1-0

[Event "Preferente Grupo I"]
[Site ""]
[Date "2011.02.26"]
[Round "4.36"]
[White "Prat Guisado Christian"]
[Black "Leon Dionis Mateo"]
[Result "1-0"]
[WhiteElo "2055"]
[BlackElo "1655"]

1.d4 Nf6 2.c4 e6 3.Nc3 d5 4.Nf3 c6 5.Bf4 Nbd7 6.e3 Bb4 7.Bd3 O-O 8.h3 a6 9.O-O
dxc4 10.Bxc4 b5 11.Be2 Bb7 12.Rc1 Rc8 13.Qb3 Be7 14.Rfd1 Qb6 15.Ne5 Nxe5 16.
Bxe5 Nd7 17.Bg3 Rfd8 18.Ne4 c5 19.dxc5 Nxc5 20.Nxc5 Bxc5 21.Rxd8+ Rxd8 22.Qc3
Rc8 23.Qe5 f6 24.Qh5 Bf8 25.Rxc8 Bxc8 26.Qe8 Qc5 27.Bf3 e5 28.Be4 f5 29.Bc6 f4
30.exf4 exf4 31.Bxf4 Qf5 32.Bd6 Be6 33.Bxf8 1-0

[Event "Preferente Grupo I"]
[Site ""]
[Date "2011.02.26"]
[Round "4.37"]
[White "Campo Millan Diego"]
[Black "Colom Sienes Eduardo"]
[Result "0-1"]
[WhiteElo "2108"]
[BlackElo "2026"]

1.e4 e6 2.d4 d5 3.Nd2 Nf6 4.e5 Nfd7 5.Bd3 c5 6.c3 cxd4 7.cxd4 f6 8.exf6 Nxf6
9.Ne2 Nc6 10.O-O Bd6 11.Nf3 O-O 12.Bg5 e5 13.Qb3 Kh8 14.dxe5 Nxe5 15.Nxe5 Bxe5
16.f4 Bc7 17.Rad1 Bg4 18.Kh1 Qd7 19.Bxf6 Rxf6 20.Bb5 Qe7 21.Rde1 Re6 22.Qc2
Ba5 23.b4 Bxb4 24.Rc1 Bxe2 25.Bxe2 Rxe2 26.Qf5 d4 27.Rc8+ Rxc8 28.Qxc8+ Qe8
29.Qxb7 Re1 0-1

[Event "Preferente Grupo I"]
[Site ""]
[Date "2011.02.26"]
[Round "4.38"]
[White "Sacristan Latorre Alberto"]
[Black "Andres Terrado Miguel Angel"]
[Result "0-1"]
[WhiteElo "1994"]
[BlackElo "2062"]

1.e4 c5 2.Nf3 d6 3.d4 cxd4 4.Nxd4 Nf6 5.Nc3 g6 6.f4 Nc6 7.Be2 Bg7 8.Be3 O-O 9.
Nb3 e5 10.Qd2 exf4 11.Bxf4 Re8 12.O-O-O Nxe4 13.Nxe4 Rxe4 14.c3 Be6 15.Bf3 Ra4
16.Kb1 Na5 17.Nc1 Nc4 18.Qe2 Nxb2 19.Rxd6 Qa5 20.Rxe6 fxe6 21.Qxe6+ Kh8 22.Bg3
Nc4 23.Re1 Na3+ 0-1

[Event "Preferente Grupo I"]
[Site ""]
[Date "2011.02.26"]
[Round "4.39"]
[White "Dominguez Luzon Fernando"]
[Black "Iglesias Fernandez Luis"]
[Result "1-0"]
[WhiteElo "2006"]
[BlackElo "1838"]

1.e4 e6 2.d4 d5 3.e5 c5 4.c3 Qb6 5.Na3 cxd4 6.cxd4 Bd7 7.Nf3 Qb4+ 8.Bd2 Qa4 9.
Qc1 Bxa3 10.bxa3 Nc6 11.Qb2 Na5 12.Rc1 Ne7 13.Bd3 b6 14.O-O Nc4 15.Bxc4 dxc4
16.Bb4 Nd5 17.Rfe1 Nf4 18.d5 Nd3 19.Qd4 Nxe1 20.Rxe1 exd5 21.e6 Bxe6 22.Qxd5
Qd7 23.Qxa8+ Qd8 24.Qc6+ Qd7 25.Qxc4 a5 26.Bc3 O-O 27.Qd4 1-0

[Event "Preferente Grupo I"]
[Site ""]
[Date "2011.02.26"]
[Round "4.40"]
[White "Palacios Herrero Pablo"]
[Black "Naya Sancho Juan Manuel"]
[Result "0-1"]
[WhiteElo "1792"]
[BlackElo "1896"]

1.e4 d5 2.exd5 Nf6 3.d4 Bg4 4.Be2 Bxe2 5.Nxe2 Qxd5 6.O-O Nc6 7.Bf4 O-O-O 8.c4
Qh5 9.Be3 Ng4 10.h3 Nxe3 11.fxe3 e5 12.Nbc3 exd4 13.exd4 Bc5 14.Nd5 Rhe8 15.
Nec3 Bxd4+ 16.Kh1 Qxd1 17.Raxd1 Bxc3 18.Nxc3 Rxd1 19.Rxd1 Rd8 20.Nd5 Rd7 21.
Re1 Kd8 22.Re2 Nd4 23.Rd2 Ne6 24.Rf2 f6 25.Kh2 c6 26.Ne3 Nd4 27.Kg3 Re7 28.Nd1
Re2 29.Rxe2 Nxe2+ 30.Kf3 Nd4+ 31.Ke4 Ne6 32.Ne3 g6 33.b4 b6 34.b5 cxb5 35.cxb5
Nc7 36.a4 Kd7 37.Nc4 Ke6 38.g4 Nd5 39.Nb2 f5+ 40.gxf5+ gxf5+ 41.Kf3 Nc3 42.Kf4
Kf6 43.h4 h5 44.Kf3 Ke5 45.Nc4+ Ke6 46.Nb2 Nd5 47.Nc4 Nc3 48.Nb2 Kf6 49.Kf4
Ne4 50.Nc4 Nc5 51.a5 Ne6+ 52.Kf3 bxa5 53.Nxa5 Nd4+ 54.Kf4 Nxb5 55.Nc6 a6 56.
Nb4 a5 57.Nd5+ Ke6 58.Ne3 a4 59.Nxf5 a3 60.Ne3 a2 61.Nc2 Kf6 62.Ke4 Na3 63.Na1
Ke6 64.Kf4 Kd5 65.Ke3 Ke5 66.Kd3 Kf4 67.Kc3 Kg4 68.Kb2 Nc4+ 69.Kxa2 Kxh4 70.
Nc2 Kg3 71.Nd4 Ne3 72.Ne2+ Kf2 73.Nf4 h4 74.Kb3 Ng2 75.Nh3+ Kg3 76.Ng1 Nf4 77.
Kc2 Kg2 0-1

[Event "Preferente Grupo I"]
[Site ""]
[Date "2011.02.26"]
[Round "4.41"]
[White "Donoso Sanchez Alejandro"]
[Black "Garcia Lainez Jose Enrique"]
[Result "0-1"]
[WhiteElo "2187"]
[BlackElo "2116"]

1.e4 c5 2.Nc3 Nc6 3.g3 g6 4.Bg2 Bg7 5.d3 d6 6.f4 e6 7.Nf3 Nge7 8.O-O Rb8 9.Be3
Nd4 10.e5 dxe5 11.fxe5 Nef5 12.Bf2 O-O 13.Ne4 b6 14.Nf6+ Bxf6 15.exf6 Qxf6 16.
g4 Nxf3+ 17.Qxf3 Bb7 18.Qh3 Nd4 19.Bxb7 Rxb7 20.Bh4 Ne2+ 21.Kh1 Qd4 22.Bf6 Nf4
23.Rxf4 Qxf4 24.Rf1 Qd2 25.Qh4 Rd7 26.Bc3 Qe2 27.Qf6 Rd4 28.Rg1 Qxc2 29.Bxd4
cxd4 30.Qxd4 Rc8 31.Rf1 Qc6+ 32.Kg1 Qc5 33.Qxc5 Rxc5 34.Rf2 Rg5 35.Rg2 h5 36.
gxh5 Rxg2+ 37.Kxg2 gxh5 38.Kg3 Kg7 39.Kf4 f6 40.Ke4 Kg6 41.d4 Kg5 42.Kf3 f5
43.h3 a5 44.a4 Kg6 45.h4 Kf7 46.Kg3 Ke7 47.Kf4 Kf6 48.b3 Kg6 49.Ke5 Kf7 50.d5
exd5 51.Kxf5 d4 52.Ke4 Kf6 53.Kxd4 Kf5 54.Kd5 Kg4 55.Kc6 Kxh4 56.Kxb6 Kg5 57.
Kxa5 h4 58.b4 h3 59.b5 h2 60.b6 h1=Q 61.Kb5 Qd5+ 62.Kb4 Qb7 63.a5 Kf5 64.Kb5
Ke5 65.a6 Qd5+ 66.Kb4 Qc6 0-1

[Event "Preferente Grupo I"]
[Site ""]
[Date "2011.02.26"]
[Round "4.42"]
[White "Alcon Herrero Javier"]
[Black "Sanmiguel Mateo Luis"]
[Result "1-0"]
[WhiteElo "2069"]
[BlackElo "1950"]

1.d4 d5 2.c4 e6 3.Nc3 Nf6 4.Bg5 Be7 5.e3 h6 6.Bh4 O-O 7.Nf3 b6 8.cxd5 Nxd5 9.
Bxe7 Qxe7 10.Nxd5 exd5 11.Bd3 Qb4+ 12.Qd2 Qxd2+ 13.Kxd2 Ba6 14.Ne5 Bxd3 15.
Nxd3 Rd8 16.Rac1 Na6 17.Rc6 Rac8 18.Rhc1 Rd7 19.b4 Kf8 20.R6c3 Nb8 21.Ne5 Re7
22.Kd3 Ke8 23.g4 Kd8 24.f3 f6 25.Ng6 Rd7 26.f4 Na6 27.a3 Nb8 28.f5 a6 29.Nf8
Re7 30.Ne6+ Rxe6 31.fxe6 c6 32.e4 dxe4+ 33.Kxe4 Ke7 34.Kf5 Rg8 35.Re1 g6+ 36.
Kf4 Rd8 37.Re4 Rd5 38.Rh3 f5 39.gxf5 Rxf5+ 40.Ke3 h5 41.Rf3 Rxf3+ 42.Kxf3 a5
43.bxa5 bxa5 44.Re5 a4 45.Kf4 Na6 46.Ra5 Nc7 1-0

[Event "Preferente Grupo I"]
[Site ""]
[Date "2011.02.26"]
[Round "4.43"]
[White "Serrano San Nicolas Angel"]
[Black "Casado Gonzalez Manuel"]
[Result "1-0"]
[WhiteElo "1940"]
[BlackElo "1894"]

1.e4 e5 2.f4 Nc6 3.Nf3 d6 4.Nc3 Bg4 5.Bb5 exf4 6.d4 Bxf3 7.Qxf3 Qh4+ 8.g3 fxg3
9.hxg3 Qf6 10.Qd3 O-O-O 11.Bxc6 bxc6 12.Rf1 Qe6 13.d5 cxd5 14.Nxd5 Nf6 15.Rxf6
gxf6 16.Qa6+ Kd7 17.Qb5+ Kc8 18.Qc6 Qxe4+ 19.Be3 1-0

[Event "Preferente Grupo I"]
[Site ""]
[Date "2011.02.26"]
[Round "4.44"]
[White "Gargallo Serrano David"]
[Black "Juni Pardos Marcos"]
[Result "0-1"]
[WhiteElo "1812"]
[BlackElo "1881"]

1.d4 d5 2.c4 c6 3.e3 Nf6 4.Nf3 e6 5.Nc3 Be7 6.cxd5 exd5 7.Bd3 O-O 8.Ne5 Nbd7
9.O-O Nxe5 10.dxe5 Nd7 11.f4 f5 12.Rf3 Nc5 13.b3 Be6 14.Bc2 h6 15.Ne2 Ne4 16.
Nd4 Bf7 17.Rh3 Qd7 18.Bb2 c5 19.Nf3 Rad8 20.Qe2 Qc6 21.Nh4 Be8 22.Rd1 g5 23.
Nxf5 Rxf5 24.g4 Rf8 25.f5 Rd7 26.f6 Nxf6 27.exf6 Bxf6 28.Rxh6 d4 29.Rf1 Kg7
30.Qd3 Kxh6 31.e4 Bg6 32.Qh3+ Kg7 33.e5 Bxc2 0-1

[Event "Preferente Grupo I"]
[Site ""]
[Date "2011.02.26"]
[Round "4.45"]
[White "Forcen Esteban Victor"]
[Black "Dominguez Bujeda Jesus"]
[Result "0-1"]
[WhiteElo "1945"]
[BlackElo "2138"]

1.e4 c5 2.Nf3 g6 3.d4 cxd4 4.Nxd4 Nc6 5.Nc3 Bg7 6.Be3 Nf6 7.f3 O-O 8.Qd2 d5 9.
Nxc6 bxc6 10.exd5 Nxd5 11.Nxd5 cxd5 12.c3 Qa5 13.a3 Rb8 14.b4 Qc7 15.Bc5 Rd8
16.Be2 e5 17.O-O Be6 18.Rac1 d4 19.cxd4 exd4 20.Bd3 Qd7 21.Qf4 Qa4 22.Ra1 Rb7
23.h4 Qb3 24.Rfd1 Rbd7 25.Bb5 Rd5 26.Bc6 Rf5 27.Qc7 Qe3+ 28.Kh1 Rc8 29.Qb7 Qf4
30.Bd7 Qxh4+ 31.Kg1 Bxd7 32.Qxd7 Rd8 33.Qxa7 Be5 34.Qe7 Qh2+ 35.Kf1 Bf6 36.Qe4
Qh1+ 37.Kf2 Bh4+ 38.Ke2 Qxg2+ 39.Kd3 Rxf3+ 0-1

[Event "Preferente Grupo I"]
[Site ""]
[Date "2011.02.26"]
[Round "4.46"]
[White "Arpa Pardo Emilio"]
[Black "Galvez Rubio David"]
[Result "0-1"]
[WhiteElo "2083"]
[BlackElo "1908"]

1.e4 c5 2.Nf3 d6 3.d4 cxd4 4.Nxd4 Nf6 5.Nc3 a6 6.Bg5 e6 7.f4 Be7 8.Qf3 Nc6 9.
O-O-O Qb6 10.Nde2 Qc7 11.g4 Bd7 12.Bh4 h6 13.Bg3 Rc8 14.Kb1 b5 15.a3 Na5 16.
Bg2 Nc4 17.h4 a5 18.g5 Nh7 19.f5 b4 20.fxe6 Bxe6 21.gxh6 bxc3 22.hxg7 Nxa3+
23.Kc1 cxb2+ 24.Kxb2 Qxc2+ 25.Ka1 Qa2# 0-1

[Event "Preferente Grupo I"]
[Site ""]
[Date "2011.02.26"]
[Round "4.47"]
[White "Sanchez Gimeno MA"]
[Black "Gomez Calomarde Saul"]
[Result "0-1"]
[WhiteElo "1883"]
[BlackElo "2023"]

1.e4 c5 2.Nc3 Nc6 3.g3 g6 4.Bg2 Bg7 5.d3 d6 6.f4 Nf6 7.Nf3 O-O 8.O-O Rb8 9.h3
b5 10.Be3 c4 11.e5 dxe5 12.Nxe5 Nxe5 13.fxe5 Nh5 14.Bxa7 Nxg3 15.Re1 b4 16.Nd5
Rb7 17.Bf2 Nh5 18.dxc4 e6 19.Nf6+ Bxf6 20.Bxb7 Bxb7 21.exf6 Qxf6 22.Qd4 Qf5
23.Qg4 Qxc2 24.Rac1 Qa4 25.Kh2 Qxa2 26.Rg1 Qa5 27.Ra1 Qc7+ 28.Qg3 0-1

[Event "Preferente Grupo I"]
[Site ""]
[Date "2011.02.26"]
[Round "4.48"]
[White "Izquierdo Lupon Jose Manuel"]
[Black "Gregorio Cabello Alberto"]
[Result "0-1"]
[WhiteElo "1618"]
[BlackElo "1837"]

1.d4 d5 2.c4 c6 3.Nc3 Nf6 4.Nf3 e6 5.Bf4 Nbd7 6.e3 dxc4 7.Bxc4 Nb6 8.Be2 Nbd5
9.Nxd5 Nxd5 10.Bg3 Bb4+ 11.Nd2 O-O 12.a3 Ba5 13.O-O Bc7 14.Nf3 Bxg3 15.hxg3
Qb6 16.Qc2 Bd7 17.b4 f6 18.e4 Ne7 19.Qc5 Qxc5 20.bxc5 b5 21.Rfb1 Rfd8 22.Ra2
Be8 23.Rab2 Bh5 24.Rd1 Rd7 25.Rbd2 Rad8 26.a4 a6 27.Kf1 Bg6 28.Bd3 Bh5 29.Be2
Bxf3 30.Bxf3 bxa4 31.Ke1 Kf8 32.Ke2 a3 33.Kd3 Rb7 34.Ra1 f5 35.Rxa3 fxe4+ 36.
Bxe4 Ra7 37.Bxh7 g6 38.Rda2 Nd5 39.Ke4 Rxh7 40.Ra1 Nb4 41.Ra4 Rb8 42.Ke5 Ke7
43.R1a3 Rh5+ 44.Ke4 Nd5 45.Rxa6 Rc8 46.Ra7+ Rc7 47.Ra8 Nf6+ 48.Kf3 Rd5 49.R8a7
Ne8 50.Ke4 Nf6+ 51.Kf3 Rdd7 52.R7a4 Rc8 53.Ra7 Rdc7 54.R7a4 Nd5 55.Ra1 Rf8+
56.Kg4 Rxf2 57.Rh1 Kf6 58.Ra8 Ne3+ 0-1

[Event "Preferente Grupo I"]
[Site ""]
[Date "2011.02.26"]
[Round "4.49"]
[White "Malo Guillen Jose Luis"]
[Black "Antonano Fernandez Avelino"]
[Result "1-0"]
[WhiteElo "2183"]
[BlackElo "2144"]

1.d4 e6 2.e4 c5 3.d5 exd5 4.exd5 d6 5.Bb5+ Bd7 6.a4 Nf6 7.Nc3 Be7 8.Nge2 O-O
9.O-O Re8 10.Ng3 Bf8 11.Bg5 a6 12.Bd3 h6 13.Bf4 Ng4 14.Nf5 Ne5 15.Re1 Bxf5 16.
Bxf5 Qf6 17.Bxe5 Qxf5 18.Bg3 Nd7 19.Qd2 Nf6 20.a5 Nh5 21.Na4 Nxg3 22.hxg3 Re4
23.Rxe4 Qxe4 24.Nb6 Re8 25.Kf1 f5 26.Ra3 Qg4 27.Ra4 Qg5 28.Qxg5 hxg5 29.b4 Re4
30.bxc5 Rxa4 31.Nxa4 dxc5 32.Ke2 c4 33.Nb6 c3 34.Kd3 Bb4 35.Nc4 Kf7 36.Kd4 Kf6
37.f3 g4 38.fxg4 fxg4 39.Ke4 g5 40.Kd4 Kf5 41.Ne3+ Kg6 42.Ke5 Bxa5 43.Ke6 b5
44.d6 b4 45.d7 Bd8 46.Nc4 a5 47.Ne5+ Kg7 48.Nd3 Kg6 49.Nc5 Kg7 50.Kd6 Kf7 1-0